[Event "Russian Championship G15 2016"]
[Site "Loo"]
[Date "2016.04.22"]
[Round "3.2"]
[White "Popova, Irina"]
[Black "Vinokur, Yuliya"]
[Result "0-1"]
[WhiteElo "1856"]
[BlackElo "1963"]
[PlyCount "120"]
[EventDate "2016.04.20"]

1. d4 Nf6 2. c4 c5 3. d5 b5 4. cxb5 a6 5. e3 g6 6. Nc3 Bg7 7. Nf3 O-O 8. a4 d6
9. Ra3 Nbd7 10. e4 axb5 11. Bxb5 Ba6 12. Qe2 Bxb5 13. Nxb5 Ne8 14. O-O Nc7 15.
Nc3 Ra7 16. Qc2 Qa8 17. b3 Rb8 18. Bb2 Rb4 19. Nd2 Qb8 20. Rb1 Rbb7 21. Nc4 Nb6
22. Ne3 Ra6 23. a5 Nd7 24. Nc4 Ne5 25. Nb6 Na8 26. Qe2 Nxb6 27. Qxa6 Nbc4 28.
bxc4 Rxb2 29. Rba1 Qb4 30. Qb5 Nxc4 31. Qxb4 cxb4 32. Ra4 Bxc3 33. a6 Nb6 34.
a7 Na8 35. Rc1 Kg7 36. h3 Kf6 37. Ra5 g5 38. Rb5 Ra2 39. Rb7 Bd4 40. Rc8 Bxa7
41. Rxb4 Bxf2+ 42. Kf1 Nb6 43. Rc7 Rd2 44. Rb7 Bc5 45. Rb3 Rf2+ 46. Ke1 Rf4 47.
Rf3 Rxf3 48. gxf3 Nc4 49. Ke2 Ne5 50. Rb1 Ng6 51. Rh1 Ke5 52. Kd3 Kf4 53. Rf1
Kg3 54. Ke2 h5 55. Kd3 Nf4+ 56. Kc4 Kxh3 57. Kb5 Kg2 58. Rb1 Kxf3 59. e5 Ke4
60. exd6 Bxd6 0-1

[Event "Russian Championship G15 2016"]
[Site "Loo"]
[Date "2016.04.22"]
[Round "3.3"]
[White "Fonyak, Marina"]
[Black "Budnikova, Varvara"]
[Result "0-1"]
[WhiteElo "1852"]
[BlackElo "1932"]
[PlyCount "78"]
[EventDate "2016.04.20"]

1. e4 e6 2. d4 d5 3. e5 c5 4. c3 Qb6 5. Nf3 Nc6 6. a3 c4 7. Nbd2 Na5 8. Rb1 Bd7
9. Be2 Ne7 10. O-O Nc8 11. Qc2 Qc7 12. b4 cxb3 13. Nxb3 Ba4 14. Nfd2 Nb6 15.
Qd3 Nac4 16. Ra1 Rc8 17. Qb1 Be7 18. Nf3 Qd7 19. Nbd2 Bb5 20. Re1 Nxd2 21. Qxb5
Nxf3+ 22. gxf3 Rxc3 23. Bb2 Rc6 24. Qb3 Nc4 25. Bc1 O-O 26. Kh1 Rfc8 27. Rg1 g6
28. Bd3 Rb6 29. Qd1 Nb2 30. Bxb2 Rxb2 31. Rg2 Qc6 32. Qg1 Qc3 33. Rd1 Rd2 34.
Qe1 Rxd3 35. Qxc3 Rdxc3 36. Rgg1 Rxf3 37. Kg2 Rxa3 38. Rb1 b6 39. Rgd1 Rcc3 0-1

[Event "Russian Championship G15 2016"]
[Site "Loo"]
[Date "2016.04.22"]
[Round "3.4"]
[White "Levicheva, Ekaterina"]
[Black "Miroshnik, Ekaterina"]
[Result "0-1"]
[WhiteElo "1766"]
[BlackElo "1896"]
[PlyCount "80"]
[EventDate "2016.04.20"]

1. e4 e6 2. d4 d5 3. Nc3 Nf6 4. e5 Nfd7 5. f4 c5 6. Nf3 Nc6 7. Be3 Be7 8. Be2
a6 9. Qd2 b5 10. a3 Rb8 11. g4 cxd4 12. Nxd4 Nxd4 13. Bxd4 Qc7 14. Bf3 Nb6 15.
Qf2 Nc4 16. Nd1 Na5 17. b4 Nc4 18. c3 f6 19. exf6 Bxf6 20. Bxf6 gxf6 21. Qd4
Qe7 22. g5 Rf8 23. Rg1 e5 24. Bh5+ Kd8 25. Qxd5+ Qd7 26. Qxd7+ Bxd7 27. gxf6
Rxf6 28. Rg8+ Kc7 29. Rxb8 Kxb8 30. fxe5 Rh6 31. Be2 Nxe5 32. Nf2 Rxh2 33. Rd1
Kc7 34. Rd5 Ng6 35. Ng4 Rxe2+ 36. Kxe2 Nf4+ 37. Kd2 Nxd5 38. Nh6 Nb6 39. Kd3
Be6 40. Kd4 Kd6 0-1

[Event "Russian Championship G15 2016"]
[Site "Loo"]
[Date "2016.04.22"]
[Round "3.5"]
[White "Znamenskaya, Darya"]
[Black "Koroleva, Evgeniya"]
[Result "1/2-1/2"]
[WhiteElo "1589"]
[BlackElo "1881"]
[PlyCount "92"]
[EventDate "2016.04.20"]

1. d4 d5 2. c4 dxc4 3. e3 e6 4. Bxc4 a6 5. Nf3 Nf6 6. O-O Nbd7 7. Nc3 b5 8. Be2
Bb7 9. a4 b4 10. Nb1 c5 11. Nbd2 Rc8 12. a5 Qc7 13. b3 Nd5 14. Nc4 Nc3 15. Qc2
cxd4 16. exd4 Bd6 17. h3 Bd5 18. Kh1 O-O 19. Ng5 g6 20. Bd3 Nf6 21. Nb6 Qc6 22.
Nxd5 Nfxd5 23. Nf3 Qb7 24. Qd2 Nf4 25. Qe3 Ncd5 26. Qd2 Nc3 27. Qe3 Ncd5 28.
Qd2 Rc3 29. Bc4 Nf6 30. Qd1 Nxh3 31. Bb2 Ng4 32. gxh3 Rxf3 33. d5 Rxh3+ 34. Kg1
Ne5 35. Bxe5 Bxe5 36. Qg4 Rh5 37. Rad1 Qe7 38. f4 Rh4 39. Qg3 f5 40. fxe5 Rg4
41. Qxg4 fxg4 42. Rxf8+ Qxf8 43. d6 Kg7 44. d7 g3 45. Rd2 Qd8 46. Bxe6 Kf8
1/2-1/2

[Event "Russian Championship G15 2016"]
[Site "Loo"]
[Date "2016.04.22"]
[Round "3.6"]
[White "Maltsevskaya, Aleksandra"]
[Black "Getman, Tatyana"]
[Result "1-0"]
[WhiteElo "2146"]
[BlackElo "1732"]
[PlyCount "89"]
[EventDate "2016.04.20"]

1. e4 e6 2. d4 d5 3. Nc3 Nf6 4. Bg5 Be7 5. e5 Nfd7 6. h4 Bxg5 7. hxg5 Qxg5 8.
Nh3 Qe7 9. Qg4 g6 10. O-O-O a6 11. Ng5 f5 12. exf6 Nxf6 13. Qg3 Nc6 14. Bd3 Nh5
15. Qe3 Rf8 16. Nxh7 Qxh7 17. g4 Bd7 18. gxh5 O-O-O 19. hxg6 Qg7 20. Rh7 Qxd4
21. Qxd4 Nxd4 22. g7 Rg8 23. Bg6 c5 24. Bf7 Kc7 25. Bxg8 Rxg8 26. Rg1 Nf5 27.
Ne2 Kd6 28. Nf4 Ke7 29. Nh5 Be8 30. Rh8 Bf7 31. Rxg8 Bxg8 32. Nf4 Kf7 33. Nd3
c4 34. Nc5 b6 35. Nd7 b5 36. Nb8 a5 37. Nc6 a4 38. a3 Ke8 39. Kd2 Kd7 40. Ne5+
Kd6 41. f4 d4 42. Rh1 Ng3 43. Rh8 Ne4+ 44. Kc1 Nf6 45. Ng4 1-0

[Event "Russian Championship G15 2016"]
[Site "Loo"]
[Date "2016.04.22"]
[Round "3.7"]
[White "Zotova, Anastasia"]
[Black "Shakhmatova, Kseniya"]
[Result "1/2-1/2"]
[WhiteElo "1934"]
[BlackElo "1828"]
[PlyCount "119"]
[EventDate "2016.04.20"]

1. e4 e6 2. d4 d5 3. Nc3 c5 4. exd5 exd5 5. Bb5+ Bd7 6. Bxd7+ Qxd7 7. Nf3 Nc6
8. O-O Be7 9. Re1 Nf6 10. dxc5 O-O 11. Bg5 Rad8 12. Ne5 Nxe5 13. Rxe5 Qc7 14.
Qe2 Rd7 15. Re1 Bd8 16. Qf3 Qxc5 17. Qg3 Kh8 18. Qh3 Qc6 19. Ne2 Ne4 20. Nd4
Nxg5 21. Rxg5 Qf6 22. Rh5 Qg6 23. Rxh7+ Qxh7 24. Qxd7 Bf6 25. Nf5 Qh5 26. Qxd5
Rd8 27. Qe4 Rd1 28. Ng3 Qd5 29. Rxd1 Qxd1+ 30. Nf1 Qd7 31. b3 g6 32. g3 Kg7 33.
Ne3 Kh7 34. Nd5 Bg7 35. Kg2 Qd6 36. c4 Qa3 37. Nf4 b6 38. Nh3 Bf6 39. Qe2 Kg7
40. Nf4 a5 41. Nd5 Bd4 42. Qd2 Qc5 43. Nc3 Qc6+ 44. Kg1 Qf6 45. Nb5 Bc5 46. Kg2
Kh7 47. Nc3 Qc6+ 48. Qd5 Qc7 49. Ne4 Bf8 50. Nf6+ Kh6 51. Qd2+ g5 52. Ng8+ Kg6
53. Qd4 Qc6+ 54. Kf1 f6 55. h4 Kg7 56. hxg5 Kxg8 57. gxf6 Kf7 58. Ke2 Qxf6 59.
Qxf6+ Kxf6 60. f4 1/2-1/2

[Event "Russian Championship G15 2016"]
[Site "Loo"]
[Date "2016.04.22"]
[Round "3.8"]
[White "Afanasieva, Alexandra"]
[Black "Uskova, Taisiya"]
[Result "1-0"]
[WhiteElo "1901"]
[BlackElo "1811"]
[PlyCount "117"]
[EventDate "2016.04.20"]

1. e4 e5 2. Nf3 Nc6 3. Bb5 a6 4. Ba4 Nf6 5. d3 b5 6. Bb3 d6 7. c3 Bb7 8. O-O
Be7 9. Nbd2 O-O 10. Re1 h6 11. Nf1 Re8 12. Ng3 Bf8 13. Nf5 Ne7 14. N3h4 Nxf5
15. Nxf5 d5 16. exd5 Bxd5 17. Bc2 Qd7 18. Ne3 Bb7 19. a4 c5 20. axb5 axb5 21.
Rxa8 Rxa8 22. Nf1 Qc7 23. Qe2 Re8 24. Ng3 Qc6 25. f3 Bd6 26. Nf5 Bf8 27. Qf2
Qd7 28. Ng3 Qc6 29. Kh1 Qd7 30. Nf1 Bd6 31. Qh4 Qe7 32. Ne3 Nd5 33. Qxe7 Rxe7
34. Nf5 Rd7 35. Nxd6 Rxd6 36. Rxe5 Ra6 37. Re8+ Kh7 38. d4+ g6 39. dxc5 Rc6 40.
Be4 Rxc5 41. Re5 f6 42. Re8 f5 43. Bxd5 Rxd5 44. Re7+ Kg8 45. h3 Rd1+ 46. Kh2
Bxf3 47. Bxh6 Be4 48. Rg7+ Kh8 49. Rxg6 Rb1 50. b4 Kh7 51. Rd6 Rb2 52. Bd2 Rb1
53. h4 Rf1 54. h5 Rf2 55. Rd7+ Kh8 56. h6 Rxg2+ 57. Kh3 Rg6 58. Be3 f4 59. Bd4+
1-0

[Event "Russian Championship G15 2016"]
[Site "Loo"]
[Date "2016.04.22"]
[Round "3.9"]
[White "Filippova, Darya"]
[Black "Usacheva, Glafira"]
[Result "1-0"]
[WhiteElo "1976"]
[BlackElo "1808"]
[PlyCount "45"]
[EventDate "2016.04.20"]

1. d4 d5 2. Nf3 Nf6 3. c4 e6 4. Nc3 c6 5. e3 Be7 6. Qc2 O-O 7. b3 Nbd7 8. Bb2
dxc4 9. bxc4 b6 10. Bd3 Bb7 11. e4 h6 12. e5 Ne8 13. O-O Nc7 14. Rfd1 Kh8 15.
Be4 f5 16. exf6 Bxf6 17. Ne2 Rb8 18. Nf4 Re8 19. Ne5 Bxe5 20. dxe5 c5 21. Bxb7
Rxb7 22. Qe4 Rb8 23. Qc6 1-0

[Event "Russian Championship G15 2016"]
[Site "Loo"]
[Date "2016.04.22"]
[Round "3.10"]
[White "Bulatova, Kamaliya"]
[Black "Mavrova, Kseniya"]
[Result "1-0"]
[WhiteElo "1893"]
[BlackElo "1727"]
[PlyCount "77"]
[EventDate "2016.04.20"]

1. d4 Nf6 2. Bf4 d5 3. e3 c6 4. Nf3 e6 5. Nbd2 h6 6. h3 Bd6 7. Ne5 Qc7 8. Bd3
Nbd7 9. Ndf3 O-O 10. O-O c5 11. c3 b6 12. Qe2 Bb7 13. Rfe1 Rad8 14. Rad1 c4 15.
Bc2 b5 16. a3 a5 17. Bg3 Ra8 18. Nxd7 Nxd7 19. Bh4 b4 20. e4 dxe4 21. Bxe4 bxa3
22. Bxb7 Qxb7 23. bxa3 Qb3 24. Nd2 Qxc3 25. Ne4 Qb3 26. Nxd6 c3 27. Qf3 f6 28.
Rd3 Qxa3 29. Nb5 Qb2 30. Nxc3 a4 31. Qc6 Nb6 32. Qxe6+ Kh8 33. Rb1 Qc2 34. Rg3
a3 35. Rxb6 a2 36. Nxa2 Rxa2 37. Rxg7 Qc1+ 38. Kh2 Qf4+ 39. Bg3 1-0

[Event "Russian Championship G15 2016"]
[Site "Loo"]
[Date "2016.04.22"]
[Round "3.11"]
[White "Titievskaya, Elizaveta"]
[Black "Serditykh, Olesya"]
[Result "0-1"]
[WhiteElo "1725"]
[BlackElo "1844"]
[PlyCount "108"]
[EventDate "2016.04.20"]

1. e4 d5 2. exd5 Qxd5 3. Nc3 Qd6 4. d4 Nf6 5. Be2 c6 6. Nf3 Bg4 7. Be3 e6 8.
O-O Qc7 9. h3 Bxf3 10. Bxf3 Bd6 11. Ne4 Nxe4 12. Bxe4 Nd7 13. c4 Nf6 14. Bc2 h6
15. Rb1 O-O 16. b4 Rad8 17. Qf3 Qe7 18. a3 e5 19. Rfe1 Rfe8 20. Kf1 Qe6 21. Bb3
e4 22. Qd1 Qe7 23. Qc1 a5 24. Kg1 axb4 25. c5 Bc7 26. axb4 Nd5 27. Bxd5 Rxd5
28. Rf1 f5 29. f3 Rf8 30. fxe4 Qxe4 31. Bf2 f4 32. Qe1 Qg6 33. Kh1 f3 34. Rg1
Qh5 35. Qe6+ Kh8 36. Qg4 Qf7 37. Qxf3 Rf5 38. Qd3 Rxf2 39. b5 Qf4 40. g3 Qd2
41. Qxd2 Rxd2 42. Rgd1 Rff2 43. bxc6 Rh2+ 44. Kg1 Rdg2+ 45. Kf1 bxc6 46. Ra1
Bxg3 47. Ra6 Bf4 48. Re1 Rd2 49. Kg1 Rxh3 50. Ra8+ Kh7 51. Rf8 Bh2+ 52. Kf1 Bg3
53. Re2 Rh1+ 54. Kg2 Rh2+ 0-1

[Event "Russian Championship G15 2016"]
[Site "Loo"]
[Date "2016.04.22"]
[Round "3.12"]
[White "Kvachko, Anastasiya"]
[Black "Beshukova, Alina"]
[Result "1-0"]
[WhiteElo "1831"]
[BlackElo "1716"]
[PlyCount "69"]
[EventDate "2016.04.20"]

1. e4 c5 2. c3 Nf6 3. e5 Nd5 4. g3 e6 5. Bg2 Nc6 6. Nf3 d6 7. exd6 Bxd6 8. O-O
O-O 9. d4 Qb6 10. Nbd2 Qa6 11. Ne4 Be7 12. dxc5 f5 13. Nd6 Bd7 14. Re1 b5 15.
Bf1 Na5 16. b4 Nb7 17. Ne5 Bc8 18. Bxb5 Nxc3 19. Bxa6 Nxd1 20. Bxb7 Bxb7 21.
Nxb7 Nc3 22. Bb2 Nd5 23. Nc6 Bf6 24. Bxf6 Rxf6 25. Nbd8 Nxb4 26. Nxb4 Rxd8 27.
Rad1 Rc8 28. Re5 a5 29. Nc2 g5 30. Nd4 Kf7 31. Nb5 Kf8 32. Rd7 h6 33. Nd6 Rb8
34. c6 h5 35. c7 1-0

[Event "Russian Championship G15 2016"]
[Site "Loo"]
[Date "2016.04.22"]
[Round "3.13"]
[White "Strukova, Ksenia"]
[Black "Buchina, Polina"]
[Result "0-1"]
[WhiteElo "1822"]
[BlackElo "1711"]
[PlyCount "74"]
[EventDate "2016.04.20"]

1. e4 c5 2. Nc3 d6 3. d3 g6 4. g3 Bg7 5. Bg2 Nc6 6. f4 e6 7. Nf3 Nge7 8. O-O
Nd4 9. Be3 Nec6 10. Rb1 Rb8 11. Ne2 b5 12. c3 Nxf3+ 13. Bxf3 Qd7 14. g4 O-O 15.
Ng3 Re8 16. Qd2 Bb7 17. Rbe1 Ne7 18. f5 exf5 19. exf5 Bxf3 20. Rxf3 Nd5 21. Bf2
Rxe1+ 22. Bxe1 Qe7 23. Ne4 Nf6 24. Nxf6+ Bxf6 25. Bg3 Re8 26. Bf4 Qb7 27. Re3
Be5 28. Qe1 Qd5 29. d4 cxd4 30. Rd3 Qc4 31. Rg3 dxc3 32. Bxe5 c2 33. Qc1 Rxe5
34. Kg2 Qe2+ 35. Kh1 Qd1+ 36. Rg1 Qf3+ 37. Rg2 Re2 0-1

[Event "Russian Championship G15 2016"]
[Site "Loo"]
[Date "2016.04.22"]
[Round "3.14"]
[White "Komleva, Ekaterina"]
[Black "Filippova, Margarita"]
[Result "0-1"]
[WhiteElo "1808"]
[BlackElo "1710"]
[PlyCount "110"]
[EventDate "2016.04.20"]

1. e4 e6 2. d4 d5 3. Nd2 c5 4. exd5 Qxd5 5. dxc5 Bxc5 6. Ngf3 Nf6 7. Bb5+ Bd7
8. Bc4 Qd6 9. Qe2 Bc6 10. O-O O-O 11. h3 Qc7 12. Ne5 Bd5 13. Nb3 Bd6 14. Bxd5
Nxd5 15. Nf3 Nc6 16. c3 a6 17. Nbd4 Rfe8 18. Nxc6 Qxc6 19. Nd4 Qc7 20. Qg4 Bf4
21. g3 Bxc1 22. Raxc1 Qb6 23. Nb3 Rad8 24. c4 Nf6 25. Qf3 Rc8 26. Rc2 e5 27.
Rfc1 e4 28. Qe3 Qe6 29. Kg2 Red8 30. Rc3 h6 31. Nd2 Qc6 32. Kh2 Re8 33. Re1
Rcd8 34. Nf1 Rd3 35. Qc1 Red8 36. Qc2 R8d4 37. Rc1 Qd7 38. Qe2 Qf5 39. Ne3 Qg5
40. R1c2 Qa5 41. a3 Qd8 42. Nf1 Qd6 43. Rc1 h5 44. Rxd3 Rxd3 45. Rc2 h4 46. Rd2
hxg3+ 47. fxg3 Qd4 48. b3 Qc3 49. Qd1 Rxd2+ 50. Qxd2 Qxb3 51. Qd8+ Kh7 52. Qc8
Qf3 53. Kg1 e3 54. Nh2 Qf2+ 55. Kh1 e2 0-1

[Event "Russian Championship G15 2016"]
[Site "Loo"]
[Date "2016.04.22"]
[Round "3.15"]
[White "Sargsyan, Anna"]
[Black "Stroganova, Karina"]
[Result "1-0"]
[WhiteElo "1783"]
[BlackElo "1704"]
[PlyCount "97"]
[EventDate "2016.04.20"]

1. c4 e5 2. Nc3 Nf6 3. Nf3 Nc6 4. e4 Bc5 5. Nxe5 Nxe5 6. d4 Bb4 7. dxe5 Nxe4 8.
Qd4 Nxc3 9. bxc3 Be7 10. Qg4 Kf8 11. Bf4 d6 12. Qg3 Bh4 13. Qd3 Qe7 14. Qe3
dxe5 15. Qxe5 Bf6 16. Qxe7+ Kxe7 17. Rc1 Re8 18. Be2 c6 19. O-O Be6 20. Be3 Kf8
21. Bc5+ Kg8 22. Bd4 Bd8 23. Rb1 Bb6 24. c5 Bf5 25. Rb2 Ba5 26. Bf3 Bd3 27. Rd1
Ba6 28. Rbd2 Bc4 29. g3 h6 30. Rb1 Ba6 31. Kg2 Rad8 32. Rdd1 Re7 33. Be3 Rxd1
34. Rxd1 Bxc3 35. Rd8+ Kh7 36. Ra8 Bb4 37. Rxa7 Re6 38. Ra8 Bb5 39. a3 Bc3 40.
Bg4 Re7 41. Bf5+ g6 42. Bc2 Re5 43. Rd8 Ba6 44. Rd7 Kg8 45. Bb3 Rf5 46. g4 Rf6
47. Bxh6 Be1 48. Be3 Bc3 49. Bg5 1-0

[Event "Russian Championship G15 2016"]
[Site "Loo"]
[Date "2016.04.22"]
[Round "3.16"]
[White "Garmash, Aliona"]
[Black "Kurkova, Sofia"]
[Result "0-1"]
[WhiteElo "1763"]
[BlackElo "1700"]
[PlyCount "84"]
[EventDate "2016.04.20"]

1. d4 d5 2. Nf3 Nf6 3. c4 dxc4 4. e3 e6 5. Bxc4 c5 6. Nc3 a6 7. a4 Nc6 8. O-O
Qc7 9. Be2 b6 10. dxc5 Bxc5 11. Nd4 Bb7 12. Nxc6 Bxc6 13. Bf3 O-O 14. Bxc6 Qxc6
15. Qe2 Rfd8 16. Rd1 Bb4 17. Bd2 Rd7 18. Be1 h6 19. Rxd7 Nxd7 20. Qg4 a5 21.
Nb5 Bxe1 22. Rxe1 Qc2 23. Qd1 Qc6 24. Qd4 Nc5 25. Rc1 Qb7 26. Rc3 Qe7 27. h3
Rd8 28. Qf4 e5 29. Qg4 Rd2 30. b3 Rb2 31. Qd1 Qf6 32. Qe1 Qf5 33. Nd6 Qg6 34.
Nc4 Rb1 35. Rc1 Nd3 36. Rxb1 Nxe1 37. Rxe1 Qc2 38. Nxe5 Qxb3 39. Nf3 Qxa4 40.
Nd4 b5 41. Nf5 b4 42. Ne7+ Kh7 0-1

[Event "Russian Championship G15 2016"]
[Site "Loo"]
[Date "2016.04.22"]
[Round "3.17"]
[White "Alferova, Polina"]
[Black "Krikunova, Olesya"]
[Result "1-0"]
[WhiteElo "1698"]
[BlackElo "1756"]
[PlyCount "75"]
[EventDate "2016.04.20"]

1. d4 d6 2. c4 e5 3. d5 f5 4. Nc3 Nf6 5. Nf3 Be7 6. Qc2 O-O 7. e3 c6 8. Be2 a5
9. O-O Na6 10. Rd1 Nc5 11. dxc6 bxc6 12. Nxe5 Qe8 13. Nf3 Nfe4 14. Nxe4 fxe4
15. Nd4 Bh4 16. f3 Ra7 17. Bd2 Raf7 18. Be1 exf3 19. Bxh4 fxe2 20. Qxe2 Qe4 21.
Bg3 Bg4 22. Qd2 Bxd1 23. Rxd1 Nd3 24. Nf3 Nxb2 25. Qxb2 Qxe3+ 26. Qf2 Qxf2+ 27.
Kxf2 Rb8 28. Rd2 g5 29. Bxd6 Re8 30. Kg3 h6 31. c5 Re4 32. h3 Rf5 33. Rb2 h5
34. Rb8+ Kg7 35. Rb7+ Kg6 36. Rb6 Ra4 37. Rb2 Rc4 38. Ne5+ 1-0

[Event "Russian Championship G15 2016"]
[Site "Loo"]
[Date "2016.04.22"]
[Round "3.18"]
[White "Shengeliya, Anastasiya"]
[Black "Yakushina, Ekaterina"]
[Result "1-0"]
[WhiteElo "1752"]
[BlackElo "1637"]
[PlyCount "97"]
[EventDate "2016.04.20"]

1. e4 e6 2. d4 d5 3. Nc3 Bb4 4. e5 Ne7 5. a3 Bxc3+ 6. bxc3 c5 7. Qg4 Kf8 8. Bd3
b6 9. Nf3 h6 10. O-O Ba6 11. a4 Qc8 12. Ba3 Nd7 13. Nh4 Bxd3 14. cxd3 Qa6 15.
f4 Qxd3 16. f5 Qe3+ 17. Kh1 h5 18. Qd1 Ke8 19. fxe6 fxe6 20. Qc2 Qh6 21. Qd3 g5
22. Nf3 c4 23. Qe2 Nf5 24. Bc1 Rg8 25. Qd2 Nf8 26. Nxg5 Nh7 27. Nxh7 Qxh7 28.
Ra2 h4 29. Rf3 Kd7 30. a5 b5 31. a6 Raf8 32. Qf2 Qg6 33. Kg1 Rh8 34. h3 Rh7 35.
Rb2 Kc6 36. Qd2 Rg8 37. Qf4 Rf7 38. Rbf2 Qh5 39. Kh2 Kb6 40. Ba3 Kxa6 41. Bc5
Kb7 42. Qc1 Rfg7 43. Qa3 Qg5 44. Qxa7+ Kc8 45. Qa8+ Kd7 46. Qb7+ Ke8 47. Qxb5+
Kf7 48. Qd7+ Kg6 49. Qxe6+ 1-0

[Event "Russian Championship G15 2016"]
[Site "Loo"]
[Date "2016.04.22"]
[Round "3.19"]
[White "Badzgaradze, Elena"]
[Black "Voskresenskaya, Marta"]
[Result "0-1"]
[WhiteElo "1692"]
[BlackElo "1751"]
[PlyCount "74"]
[EventDate "2016.04.20"]

1. d4 Nf6 2. c4 e6 3. g3 d5 4. Nf3 c6 5. Nbd2 Nbd7 6. Bg2 Be7 7. O-O O-O 8. Qc2
b6 9. e4 dxe4 10. Nxe4 Bb7 11. Rd1 Qc8 12. Ne5 Rd8 13. Bg5 Qc7 14. Nxd7 Rxd7
15. Nxf6+ Bxf6 16. Bxf6 gxf6 17. Rd2 Rad8 18. Rad1 c5 19. d5 exd5 20. cxd5 Qe5
21. Qc4 Rd6 22. b3 Qg5 23. f4 Qh5 24. Qe4 Qg4 25. Bf3 Qd7 26. Qe2 Qe8 27. Qf2
Qd7 28. Qg2 Qc7 29. Qh3 Qd7 30. Bg4 Qe7 31. Bf5 Qe3+ 32. Rf2 Rxd5 33. Qxh7+ Kf8
34. Rxd5 Rxd5 35. Qh6+ Ke7 36. Bg4 Rd2 37. Be2 Rxe2 0-1

[Event "Russian Championship G15 2016"]
[Site "Loo"]
[Date "2016.04.22"]
[Round "3.20"]
[White "Urvacheva, Arina"]
[Black "Reva, Liubov"]
[Result "1-0"]
[WhiteElo "1750"]
[BlackElo "1594"]
[PlyCount "31"]
[EventDate "2016.04.20"]

1. d4 d5 2. Nf3 Nf6 3. e3 Bg4 4. c4 e6 5. Nc3 Nc6 6. Qb3 Bb4 7. Ne5 Bxc3+ 8.
bxc3 dxc4 9. Qa4 Qd5 10. f3 b5 11. Qa6 Nxe5 12. dxe5 Bxf3 13. gxf3 Qxf3 14. Rg1
Ng4 15. Rxg4 Rd8 16. Rd4 1-0

[Event "Russian Championship G15 2016"]
[Site "Loo"]
[Date "2016.04.22"]
[Round "3.21"]
[White "Shevchuk, Margarita"]
[Black "Zaitseva, Lyudmila"]
[Result "0-1"]
[WhiteElo "1636"]
[BlackElo "1750"]
[PlyCount "100"]
[EventDate "2016.04.20"]

1. e4 c5 2. c3 e6 3. d4 d5 4. exd5 exd5 5. Nf3 Nf6 6. Bb5+ Bd7 7. Bxd7+ Nbxd7
8. O-O Be7 9. dxc5 Nxc5 10. Be3 O-O 11. Nbd2 Nfe4 12. Nb3 Ne6 13. Qc2 Qc7 14.
Rad1 Rad8 15. Nbd4 a6 16. Nf5 Bf6 17. Qb3 Qc6 18. N3d4 Nxd4 19. Bxd4 Rd7 20.
Bxf6 Qxf6 21. Ne3 Nc5 22. Nxd5 Qc6 23. Qc4 b5 24. Nb4 bxc4 25. Nxc6 Rc7 26. Ne5
Na4 27. Rd2 f6 28. Nf3 Rb8 29. Rfd1 Rxb2 30. Rxb2 Nxb2 31. Rd6 Na4 32. Rxa6
Nxc3 33. g3 Ne2+ 34. Kf1 c3 35. Ne1 c2 36. Nd3 c1=Q+ 37. Nxc1 Nxc1 38. a3 Rc2
39. Ra5 Nd3 40. Rf5 Ra2 41. Rf3 Rxa3 42. Re3 Ra1+ 43. Ke2 Ne5 44. h4 Ra2+ 45.
Ke1 Ng4 46. Rf3 Kf7 47. Rf4 Ne5 48. Kf1 Ke6 49. Kg2 Nd3 50. Rf3 Ne1+ 0-1

[Event "Russian Championship G15 2016"]
[Site "Loo"]
[Date "2016.04.22"]
[Round "3.22"]
[White "Bogdanova, Natalya"]
[Black "Trofimova, Angelina"]
[Result "1-0"]
[WhiteElo "1806"]
[BlackElo "1635"]
[PlyCount "65"]
[EventDate "2016.04.20"]

1. e4 e5 2. Nf3 Nc6 3. d4 exd4 4. Bc4 h6 5. Nxd4 Bc5 6. c3 Qh4 7. O-O Nge7 8.
Nxc6 bxc6 9. Qf3 O-O 10. Bf4 d6 11. Bg3 Qg5 12. Qe2 h5 13. Qd2 Qg6 14. Bd3 f5
15. e5 a5 16. Qe2 Qg5 17. exd6 cxd6 18. Nd2 Ng6 19. Nf3 Qf6 20. h3 f4 21. Bh2
Nh4 22. Nxh4 Qxh4 23. Be4 d5 24. Bf3 Rf5 25. Qe8+ Kh7 26. Qxc6 Ba6 27. Qxa8 Bd3
28. Bxd5 Rg5 29. Be4+ Bxe4 30. Qxe4+ Kh8 31. Qxf4 Bxf2+ 32. Rxf2 Qxf4 33. Rxf4
1-0

[Event "Russian Championship G15 2016"]
[Site "Loo"]
[Date "2016.04.22"]
[Round "3.23"]
[White "Eliseeva, Maia"]
[Black "Litvinova, Kseniya"]
[Result "1-0"]
[WhiteElo "1729"]
[BlackElo "1616"]
[PlyCount "197"]
[EventDate "2016.04.20"]

1. e4 c6 2. d4 d5 3. e5 Bf5 4. h4 Qb6 5. g4 Bd7 6. c3 e6 7. f4 c5 8. Nf3 h5 9.
g5 g6 10. Rh2 cxd4 11. cxd4 Bb5 12. Bxb5+ Qxb5 13. Nc3 Qd7 14. Be3 Ne7 15. Rc2
Nf5 16. Bf2 Nc6 17. a3 Be7 18. Rac1 O-O 19. Kf1 Rfc8 20. Kg2 Na5 21. Nd2 b5 22.
Qe2 Rab8 23. Qd3 Nc4 24. Ne2 Nxd2 25. Qxd2 Rc4 26. Kh3 Qd8 27. Ng3 Ng7 28. Qd3
Qb6 29. Be3 a5 30. Bf2 Ne8 31. Nf1 Rxc2 32. Qxc2 b4 33. a4 b3 34. Qd3 Qb4 35.
Ra1 Ng7 36. Be1 Qb6 37. Rc1 Nf5 38. Bf2 Qb4 39. Ra1 Bd8 40. Nd2 Rc8 41. Nxb3
Qc4 42. Qxc4 Rxc4 43. Rc1 Bb6 44. Rxc4 dxc4 45. Nd2 Bxd4 46. Bxd4 Nxd4 47. Nxc4
Nc6 48. Kg3 Kf8 49. Kf3 Ke7 50. Ke4 Kd7 51. Kd3 Ke7 52. Nd6 Nb4+ 53. Ke4 Nc6
54. Nb7 Kd7 55. Nd6 Ke7 56. Kd3 Nb4+ 57. Kd4 Nd5 58. Ke4 Nb4 59. Nc4 Nc6 60. b3
Kd7 61. Ke3 Ke8 62. Kd2 Nd4 63. Nxa5 Nf3+ 64. Ke3 Nxh4 65. Nc4 Ng2+ 66. Ke4 h4
67. Kf3 h3 68. Kg3 Nxf4 69. a5 Kd7 70. a6 Kc7 71. b4 Kb8 72. b5 Ka7 73. Nd6
Ne2+ 74. Kxh3 Nd4 75. Kg4 Nc2 76. Nc8+ Kb8 77. a7+ Ka8 78. b6 Ne3+ 79. Kf4 Nd5+
80. Ke4 Kb7 81. Kd4 Nxb6 82. Nxb6 Kxa7 83. Nc8+ Kb8 84. Nd6 Kc7 85. Nxf7 Kd7
86. Nh8 Ke8 87. Nxg6 Kf7 88. Nf4 Ke8 89. Nxe6 Ke7 90. Nf4 Kf7 91. e6+ Ke7 92.
Ke5 Ke8 93. Kf6 Kf8 94. g6 Ke8 95. g7 Kd8 96. g8=Q+ Kc7 97. e7 Kc6 98. Qd8 Kc5
99. e8=Q 1-0

[Event "Russian Championship G15 2016"]
[Site "Loo"]
[Date "2016.04.22"]
[Round "3.24"]
[White "Gomzina, Alisa"]
[Black "Smagina, Sofya"]
[Result "0-1"]
[WhiteElo "1392"]
[BlackElo "1800"]
[PlyCount "112"]
[EventDate "2016.04.20"]

1. c4 Nf6 2. Nc3 d5 3. cxd5 Nxd5 4. e4 Nxc3 5. bxc3 g6 6. Nf3 Bg7 7. d4 c5 8.
Bc4 O-O 9. O-O Bg4 10. Be3 Nc6 11. Bd5 cxd4 12. cxd4 Bxf3 13. gxf3 Rc8 14. Rb1
b6 15. Rc1 Na5 16. Bg5 Qd7 17. Kh1 e6 18. Bb3 Rxc1 19. Qxc1 Rc8 20. Qd1 Qxd4
21. Qxd4 Bxd4 22. Ba4 Rc4 23. Bd7 e5 24. Kg2 Rc2 25. a4 Nc4 26. Kg3 Kg7 27. h4
f6 28. Bc1 Bxf2+ 29. Rxf2 Rxc1 30. Kh2 Rd1 31. Bb5 Rd2 32. Rxd2 Nxd2 33. Be2
Nb3 34. Bd1 Nd4 35. Kg3 a6 36. f4 b5 37. axb5 axb5 38. fxe5 fxe5 39. h5 b4 40.
hxg6 hxg6 41. Kg4 b3 42. Bxb3 Nxb3 43. Kf3 g5 44. Kg4 Kg6 45. Kf3 Kh5 46. Kg3
g4 47. Kg2 Nc5 48. Kh2 Nxe4 49. Kg2 Kh4 50. Kh2 Nd6 51. Kg2 g3 52. Kh1 Kh3 53.
Kg1 g2 54. Kf2 Kh2 55. Kf3 e4+ 56. Ke2 g1=Q 0-1

[Event "Russian Championship G15 2016"]
[Site "Loo"]
[Date "2016.04.22"]
[Round "3.25"]
[White "Chemborisova, Elina"]
[Black "Krivonos, Kristina"]
[Result "0-1"]
[WhiteElo "1738"]
[BlackElo "1367"]
[PlyCount "84"]
[EventDate "2016.04.20"]

1. e4 c5 2. Nf3 d6 3. d4 cxd4 4. Nxd4 Nf6 5. Nc3 g6 6. g3 Bg7 7. Bg2 O-O 8. O-O
a6 9. h3 Nbd7 10. Kh2 Qc7 11. f4 Qd8 12. Re1 Ne8 13. a4 Nc7 14. Rb1 a5 15. Ncb5
Nxb5 16. Nxb5 Nc5 17. b3 Bd7 18. Qe2 Bc6 19. Rd1 Qb6 20. Ba3 Bxb5 21. Qxb5 Qxb5
22. axb5 Rac8 23. c4 a4 24. b4 Nb3 25. Bf1 Bc3 26. Bd3 Rfd8 27. Kg2 h5 28. g4
hxg4 29. hxg4 e5 30. f5 gxf5 31. gxf5 f6 32. Kf2 Kf7 33. Rh1 Rh8 34. Kg2 Rhg8+
35. Kh3 Rh8+ 36. Kg2 Rcg8+ 37. Kf2 Bd4+ 38. Ke2 Rg2+ 39. Kf3 Rf2+ 40. Kg4 Rf4+
41. Kg3 Rg8+ 42. Kh3 Bf2 0-1